<?xml version="1.0" encoding="UTF-8"?>
<record
    xmlns:xsi="http://www.w3.org/2001/XMLSchema-instance"
    xsi:schemaLocation="http://www.loc.gov/MARC21/slim http://www.loc.gov/standards/marcxml/schema/MARC21slim.xsd"
    xmlns="http://www.loc.gov/MARC21/slim">

  <leader>00942nam a22002657a 4500</leader>
  <controlfield tag="003">DO-SdBNP</controlfield>
  <controlfield tag="005">20220203133715.0</controlfield>
  <controlfield tag="008">220131b2013       |a||e |||| 001 0aspa d</controlfield>
  <datafield tag="020" ind1=" " ind2=" ">
    <subfield code="a">9789945882254</subfield>
  </datafield>
  <datafield tag="040" ind1=" " ind2=" ">
    <subfield code="a">DO-SdBNP</subfield>
    <subfield code="b">spa</subfield>
    <subfield code="c">BNPHU</subfield>
  </datafield>
  <datafield tag="082" ind1="4" ind2=" ">
    <subfield code="2">22</subfield>
    <subfield code="a">320.97293</subfield>
    <subfield code="b">L864n</subfield>
  </datafield>
  <datafield tag="100" ind1="1" ind2="0">
    <subfield code="a">L&#xF3;pez Reyes, Oscar</subfield>
    <subfield code="9">81065</subfield>
  </datafield>
  <datafield tag="245" ind1="1" ind2="0">
    <subfield code="a">Narcisazo, &#xBF;Homicidio o suicidio? :</subfield>
    <subfield code="b">las dos caras de una ausencia misteriosa /</subfield>
    <subfield code="c">Oscar L&#xF3;pez Reyes ;</subfield>
  </datafield>
  <datafield tag="260" ind1=" " ind2=" ">
    <subfield code="a">Santo Dominigo : </subfield>
    <subfield code="b">Valdez, </subfield>
    <subfield code="c">2013.</subfield>
  </datafield>
  <datafield tag="300" ind1=" " ind2=" ">
    <subfield code="a">287 p. : </subfield>
    <subfield code="b">il. ; </subfield>
    <subfield code="c">22 cm</subfield>
  </datafield>
  <datafield tag="500" ind1=" " ind2=" ">
    <subfield code="a">Incluye &#xED;ndice.</subfield>
  </datafield>
  <datafield tag="500" ind1=" " ind2=" ">
    <subfield code="a">Incluye glosario.</subfield>
  </datafield>
  <datafield tag="504" ind1=" " ind2=" ">
    <subfield code="a">Bibliograf&#xED;a  : p.  283-287</subfield>
  </datafield>
  <datafield tag="504" ind1=" " ind2=" ">
    <subfield code="a">Incluye citas bibliogr&#xE1;ficas  : p.  281-282 </subfield>
  </datafield>
  <datafield tag="590" ind1=" " ind2=" ">
    <subfield code="a">Inventariado, 2022 / SA</subfield>
  </datafield>
  <datafield tag="650" ind1="4" ind2=" ">
    <subfield code="a">Gonz&#xE1;lez, Narciso </subfield>
    <subfield code="x">Persona desaparecida</subfield>
    <subfield code="z">Rep&#xFA;blica Dominicana</subfield>
    <subfield code="9">81063</subfield>
  </datafield>
  <datafield tag="650" ind1="4" ind2=" ">
    <subfield code="a">Pol&#xED;tica y gobierno</subfield>
    <subfield code="y">1961-</subfield>
    <subfield code="z">Rep&#xFA;blica Dominicana</subfield>
    <subfield code="9">81064</subfield>
  </datafield>
  <datafield tag="910" ind1=" " ind2=" ">
    <subfield code="a">saquino</subfield>
  </datafield>
  <datafield tag="942" ind1=" " ind2=" ">
    <subfield code="2">ddc</subfield>
    <subfield code="c">LBS1</subfield>
  </datafield>
  <datafield tag="952" ind1=" " ind2=" ">
    <subfield code="0">0</subfield>
    <subfield code="1">0</subfield>
    <subfield code="2">ddc</subfield>
    <subfield code="5">1</subfield>
    <subfield code="7">0</subfield>
    <subfield code="8">MO</subfield>
    <subfield code="a">BNPHU</subfield>
    <subfield code="b">PD</subfield>
    <subfield code="c">CT</subfield>
    <subfield code="d">2019-08-19</subfield>
    <subfield code="e">Deposito Legal</subfield>
    <subfield code="l">0</subfield>
    <subfield code="o">BNPHU PD  320.97293  L864n</subfield>
    <subfield code="p">2022-0384</subfield>
    <subfield code="r">2022-01-31</subfield>
    <subfield code="w">2022-01-31</subfield>
    <subfield code="y">LBS1</subfield>
    <subfield code="z">S/A</subfield>
  </datafield>
  <datafield tag="952" ind1=" " ind2=" ">
    <subfield code="0">0</subfield>
    <subfield code="1">0</subfield>
    <subfield code="2">ddc</subfield>
    <subfield code="5">1</subfield>
    <subfield code="7">0</subfield>
    <subfield code="8">MO</subfield>
    <subfield code="a">BNPHU</subfield>
    <subfield code="b">PD</subfield>
    <subfield code="c">CT</subfield>
    <subfield code="d">2019-08-19</subfield>
    <subfield code="e">Deposito Legal</subfield>
    <subfield code="l">0</subfield>
    <subfield code="o">BNPHU PD 320.97293 L864n</subfield>
    <subfield code="p">2022-0385</subfield>
    <subfield code="r">2022-01-31</subfield>
    <subfield code="t">e.2</subfield>
    <subfield code="w">2022-01-31</subfield>
    <subfield code="y">LBS1</subfield>
    <subfield code="z">S/A</subfield>
  </datafield>
  <datafield tag="952" ind1=" " ind2=" ">
    <subfield code="0">0</subfield>
    <subfield code="1">0</subfield>
    <subfield code="2">ddc</subfield>
    <subfield code="5">1</subfield>
    <subfield code="7">0</subfield>
    <subfield code="8">MO</subfield>
    <subfield code="a">BNPHU</subfield>
    <subfield code="b">PD</subfield>
    <subfield code="c">CT</subfield>
    <subfield code="d">2019-08-19</subfield>
    <subfield code="e">Deposito Legal</subfield>
    <subfield code="l">0</subfield>
    <subfield code="o">BNPHU PD 320.97293 L864n</subfield>
    <subfield code="p">2022-0386</subfield>
    <subfield code="r">2022-01-31</subfield>
    <subfield code="t">e.3</subfield>
    <subfield code="w">2022-01-31</subfield>
    <subfield code="y">LBS1</subfield>
    <subfield code="z">S/A</subfield>
  </datafield>
  <datafield tag="952" ind1=" " ind2=" ">
    <subfield code="0">0</subfield>
    <subfield code="1">0</subfield>
    <subfield code="2">ddc</subfield>
    <subfield code="7">1</subfield>
    <subfield code="8">MO</subfield>
    <subfield code="a">BNPHU</subfield>
    <subfield code="b">DO</subfield>
    <subfield code="c">CT</subfield>
    <subfield code="d">2019-08-19</subfield>
    <subfield code="e">Deposito Legal</subfield>
    <subfield code="l">0</subfield>
    <subfield code="o">BNPHU DS 320.97293 L864n</subfield>
    <subfield code="p">2022-0555</subfield>
    <subfield code="r">2022-02-03</subfield>
    <subfield code="t">e.4</subfield>
    <subfield code="w">2022-02-03</subfield>
    <subfield code="y">LBS1</subfield>
    <subfield code="z">SA</subfield>
  </datafield>
  <datafield tag="952" ind1=" " ind2=" ">
    <subfield code="0">0</subfield>
    <subfield code="1">0</subfield>
    <subfield code="2">ddc</subfield>
    <subfield code="7">5</subfield>
    <subfield code="8">MO</subfield>
    <subfield code="a">BNPHU</subfield>
    <subfield code="b">DO</subfield>
    <subfield code="c">CT</subfield>
    <subfield code="d">2019-08-19</subfield>
    <subfield code="e">Deposito Legal</subfield>
    <subfield code="l">0</subfield>
    <subfield code="o">BNPHU DS 320.97293 L864n</subfield>
    <subfield code="p">2022-0556</subfield>
    <subfield code="r">2022-02-03</subfield>
    <subfield code="t">e.5</subfield>
    <subfield code="w">2022-02-03</subfield>
    <subfield code="y">LBS1</subfield>
    <subfield code="z">S/A</subfield>
  </datafield>
  <datafield tag="999" ind1=" " ind2=" ">
    <subfield code="c">51270</subfield>
    <subfield code="d">51270</subfield>
  </datafield>
</record>
